Southville International School and Colleges
Your cart is empty.
  • Cart
  • Lists
    Public lists Eva Luna New books Lux_list list_1
    Your lists Log in to create your own lists
  • Log in to your account
  • Your cookies
  • Search history
Southville International School and Colleges
  • Advanced search
  • Recent comments
  • Most popular
  • Libraries

Log in to your account

Log in with GOOGLE


If you do not have an external account, but do have a local account, you can still log in:

  1. Home
  2. MARC view: Labor economics /
Normal view MARC view ISBD view

Labor economics / (Record no. 14850)

[ view plain ]
MARC details
000 -LEADER
fixed length control field 00538nam a2200181 a 4500
003 - CONTROL NUMBER IDENTIFIER
control field PILC
005 - DATE AND TIME OF LATEST TRANSACTION
control field 20150112093444.0
008 - FIXED-LENGTH DATA ELEMENTS--GENERAL INFORMATION
fixed length control field 100727s19uu xx 00 eng d
050 ## - LIBRARY OF CONGRESS CALL NUMBER
Classification number HD 4901
Item number .D326 1996
082 ## - DEWEY DECIMAL CLASSIFICATION NUMBER
Classification number SFf 331
Item number D34 1996
100 ## - MAIN ENTRY--PERSONAL NAME
Personal name Dejillas, Leopoldo J.
9 (RLIN) 21516
245 ## - TITLE STATEMENT
Title Labor economics /
Statement of responsibility, etc Leopoldo J. Dejillas
260 ## - PUBLICATION, DISTRIBUTION, ETC. (IMPRINT)
Place of publication, distribution, etc Quezon City, Philippines :
Name of publisher, distributor, etc Phoenix Publishing House, Inc,
Date of publication, distribution, etc 1996.
300 ## - PHYSICAL DESCRIPTION
Extent 305 pages :
Dimensions 19 cm.
650 ## - SUBJECT ADDED ENTRY--TOPICAL TERM
Topical term or geographic name as entry element Economics
9 (RLIN) 7586
650 ## - SUBJECT ADDED ENTRY--TOPICAL TERM
Topical term or geographic name as entry element Labor economics
9 (RLIN) 21517
942 ## - ADDED ENTRY ELEMENTS (KOHA)
Source of classification or shelving scheme Library of Congress Classification
Koha item type Books
Holdings
Withdrawn status Lost status Source of classification or shelving scheme Damaged status Home library Current library Shelving location Date acquired Total Checkouts Full call number Barcode Date last seen Copy number Price effective from Koha item type
    Library of Congress Classification   Southville International School Affiliated with Foreign Universities Library Southville International School Affiliated with Foreign Universities Library Southville Foreign University Section 09/24/2013   HD 4901 .D326 1996 SFU1317 05/15/2018 1 09/24/2013 Books

Labor economics /

APA

Dejillas L. J., . (1996). Labor economics. Quezon City, Philippines: Phoenix Publishing House, Inc.

Chicago

Dejillas Leopoldo J, . 1996. Labor economics. Quezon City, Philippines: Phoenix Publishing House, Inc.

Harvard

Dejillas L. J., . (1996). Labor economics. Quezon City, Philippines: Phoenix Publishing House, Inc.

MLA

Dejillas Leopoldo J, . Labor economics. Quezon City, Philippines: Phoenix Publishing House, Inc. 1996.

  • Place hold
  • Print
  • Cite
  • Add to your cart (remove)
  • Save record
    BIBTEX Dublin Core MARCXML MARC (non-Unicode/MARC-8) MARC (Unicode/UTF-8) MARC (Unicode/UTF-8, Standard) MODS (XML) RIS
  • More searches
    Search for this title in:
    Other Libraries (WorldCat) Other Databases (Google Scholar) Online Stores (Bookfinder.com) Open Library (openlibrary.org)

Exporting to Dublin Core...

SOUTHVILLE LIBRARY

Southville International School and Colleges Library

1281 Tropical Ave. Cor. Luxembourg St., BF Homes International, Las Pinas City

Tel. No. 8256374 / 252358 Loc. 117/146

Powered by Koha